Statistics for Countries Without UNESCO World Heritage Sites

Click here to take the quiz!

General Stats

  • This quiz has been taken 10 times
  • The average score is 2 of 7

Answer Stats

Answer% Correct
South Sudan
50%
Somalia
40%
Bhutan
30%
Guyana
30%
Guinea-Bissau
20%
Liberia
20%
Sierra Leone
10%

Score Distribution

Percentile by Number Answered

Percent of People with Each Score

Your Score History

You have not taken this quiz